[Event "TUR Cup"]
[Site "Adapazari"]
[Date "2022.03.30"]
[Round "9"]
[White "Colak, Mehmet"]
[Black "Lokman, Hilmi Merih"]
[Result "1-0"]
[WhiteElo "1389"]
[BlackElo "1583"]
[PlyCount "33"]
[EventDate "2022.03.25"]
[EventType "swiss"]
[EventRounds "11"]
[EventCountry "TUR"]
[SourceTitle "EXT 2023"]
[Source "ChessBase"]
[SourceDate "2022.10.05"]
[SourceVersion "1"]
[SourceVersionDate "2022.10.05"]
[SourceQuality "1"]

1. e4 c6 2. d4 d5 3. Nc3 dxe4 4. Nxe4 Nd7 5. Nf3 Ngf6 6. Ng3 e6 7. Be3 Bd6 8. c4 b6 9. Qc2 c5 10. d5 exd5 11. cxd5 0-0 12. Bc4 Bb7 13. Qd3 a6 14. a4 Re8 15. 0-0 Rc8 16. Ng5 Bf8 17. d6 1-0